MLB The Show 25 99 Overall Cards - Statistics

General Stats
  • This quiz has been taken 50 times
  • The average score is 101 of 460
Answer Stats
Team Pos Set Answer % Correct
Yankees RF 2025 All-Star Aaron Judge
91%
Yankees RF 2025 Playoffs Aaron Judge
91%
Yankees RF Cover Athlete Aaron Judge
91%
Yankees RF Milestone Babe Ruth
61%
Yankees SS Spotlight Anthony Volpe
58%
Yankees SP Hall of Fame C.C. Sabathia
58%
Guardians CP 2025 Finest Cade Smith
55%
Cubs CP Hall of Fame Lee Smith
55%
Cardinals SS Moonshot Ozzie Smith
55%
Dodgers C 2025 Playoffs Will Smith
55%
Phillies 1B 2025 Finest Bryce Harper
52%
Yankees RP 2025 Playoffs Devin Williams
52%
Braves RF Speedway Classic Ronald Acuna Jr.
52%
Braves RF Spotlight Ronald Acuna Jr.
52%
Yankees CF Signature Bernie Williams
48%
Braves 3B Milestone Chipper Jones
48%
Yankees SS Neon Derek Jeter
48%
Guardians SP 2025 Finest Gavin Williams
48%
Red Sox LF Hall of Fame Ted Williams
48%
Yankees LF 2025 Finest Cody Bellinger
45%
Braves RF Moonshot Hank Aaron
45%
Mets RF 2025 Finest Juan Soto
45%
Angels CF Milestone Mike Trout
45%
Mets 1B Milestone Pete Alonso
45%
Yankees 3B New Threads Ryan McMahon
45%
Dodgers DH 2025 All-Star Shohei Ohtani
45%
Dodgers SP 2025 Playoffs Shohei Ohtani
45%
Angels RF Hall of Fame Vladimir Guerrero
45%
Blue Jays 1B 2025 Playoffs Vladimir Guerrero Jr.
45%
Blue Jays 1B 2025 Playoffs Vladimir Guerrero Jr.
45%
Mariners 3B Awards Edgar Martinez
42%
Orioles SS Cover Athlete Gunnar Henderson
42%
Orioles SS 2025 Finest Gunnar Henderson
42%
Red Sox LF Spotlight Jarren Duran
42%
Twins SP 2025 Finest Joe Ryan
42%
Guardians 3B 2025 All-Star Jose Ramirez
42%
Guardians 3B 2025 Finest Jose Ramirez
42%
Nationals 1B Spooky Josh Bell
42%
Yankees SP 2025 Finest Max Fried
42%
Astros SP Cornerstone Nolan Ryan
42%
Red Sox CP 2025 Finest Aroldis Chapman
39%
Yankees 1B 2025 Finest Ben Rice
39%
Reds SS Milestone Elly De La Cruz
39%
Padres SS Awards Fernando Tatis Jr.
39%
Padres RF 2025 Finest Fernando Tatis Jr.
39%
Yankees SP Awards Gerrit Cole
39%
Phillies CP New Threads Jhoan Duran
39%
Red Sox LF Captain Jim Rice
39%
Phillies LF 2025 All-Star Kyle Schwarber
39%
Phillies LF 2025 Finest Kyle Schwarber
39%
Red Sox LF Awards Manny Ramirez
39%
Giants 3B 2025 Finest Matt Chapman
39%
Red Sox SP Awards Pedro Martinez
39%
Athletics LF Moonshot Rickey Henderson
39%
Tigers SP 2025 Finest Tarik Skubal
39%
Astros LF Awards Yordan Alvarez
39%
Mariners C Home Run Derby Cal Raleigh
36%
Mariners C 2025 Finest Cal Raleigh
36%
Blue Jays 3B 2025 Playoffs Ernie Clement
36%
Blue Jays 3B 2025 Playoffs Ernie Clement
36%
Mets SS 2025 Finest Francisco Lindor
36%
Dodgers 1B 2025 Playoffs Freddie Freeman
36%
Braves SP Spooky Greg Maddux
36%
Tigers SS 2025 Playoffs Javier Baez
36%
Yankees 2B 2025 Finest Jazz Chisholm Jr.
36%
Red Sox SP Awards Roger Clemens
36%
Blue Jays SP Milestone Roger Clemens
36%
Blue Jays 2B 2025 Playoffs Bo Bichette
33%
Mariners SP 2025 Finest Bryan Woo
33%
Red Sox 1B Hall of Fame David Ortiz
33%
Yankees RF Spotlight Giancarlo Stanton
33%
Rangers C Moonshot Ivan Rodriguez
33%
Yankees C Signature Jorge Posada
33%
Astros 2B 2025 Finest Jose Altuve
33%
Mariners CF 2025 Playoffs Julio Rodriguez
33%
Dodgers 3B Finest Justin Turner
33%
D-Backs 2B 2025 All-Star Ketel Marte
33%
D-Backs 2B Spooky Ketel Marte
33%
Cubs RF 2025 Finest Kyle Tucker
33%
Nationals RF Awards Larry Walker
33%
Padres 3B 2025 Finest Manny Machado
33%
Yankees CF Milestone Mickey Mantle
33%
Dodgers SS Awards Mookie Betts
33%
Athletics 1B Milestone Nick Kurtz
33%
Athletics 1B 2025 Finest Nick Kurtz
33%
Reds RF Spotlight Noelvi Marte
33%
Rockies 3B Finest Nolan Arenado
33%
Braves 2B Neon Ozzie Albies
33%
Pirates SP 2025 Finest Paul Skenes
33%
Cubs RF Moonshot Sammy Sosa
33%
Blue Jays RF Neon Shawn Green
33%
Phillies SS 2025 Finest Trea Turner
33%
Royals SS 2025 Finest Bobby Witt Jr.
30%
Mets CF Signature Carlos Beltran
30%
Rangers SS Awards Corey Seager
30%
Mets CP 2025 Finest Edwin Diaz
30%
Marlins SP Neon Eury Perez
30%
Phillies C Milestone J.T. Realmuto
30%
Giants SP Milestone Justin Verlander
30%
Yankees 1B Neon Lou Gehrig
30%
Padres CP New Threads Mason Miller
30%
Braves 1B Milestone Matt Olson
30%
Blue Jays SP 2025 Playoffs Max Scherzer
30%
Pirates CF Captain Oneil Cruz
30%
D-Backs 1B Finest Paul Goldschmidt
30%
Mariners SP Awards Randy Johnson
30%
Royals C Spotlight Salvador Perez
30%
Reds 3B Captain Tony Perez
30%
Rays 1B 2025 Finest Yandy Diaz
30%
Phillies SP Milestone Zack Wheeler
30%
Dodgers 1B Home Run Derby X Adrian Gonzalez
27%
Red Sox 3B 2025 Finest Alex Bregman
27%
Guardians RP Finest Andrew Miller
27%
Braves 3B Awards Austin Riley
27%
Mariners SP 2025 Playoffs Bryce Miller
27%
Yankees SP 2025 Finest Carlos Rodon
27%
Braves SP Awards Chris Sale
27%
D-Backs RF 2025 Finest Corbin Carroll
27%
Phillies SP 2025 Playoffs Cristopher Sanchez
27%
Mets 3B Signature David Wright
27%
Dodgers LF 2025 Playoffs Enrique Hernandez
27%
Rockies SS Draft Ethan Holliday
27%
Mariners 3B New Threads Eugenio Suarez
27%
Orioles CP Awards Felix Bautista
27%
Mets C Spotlight Francisco Alvarez
27%
Mets C Finest Gary Carter
27%
Yankees C Spotlight Gary Sanchez
27%
Orioles 2B Captain Jackson Holliday
27%
Nationals LF 2025 Finest James Wood
27%
Reds C Cornerstone Johnny Bench
27%
Blue Jays RF Finest Jose Bautista
27%
Rays 3B 2025 Finest Junior Caminero
27%
Mariners CF Spotlight Ken Griffey Jr.
27%
Cubs SP Milestone Kerry Wood
27%
Athletics 1B Awards Mark McGwire
27%
Rockies LF Moonshot Matt Holliday
27%
Dodgers 3B 2025 Playoffs Max Muncy
27%
Rangers SS Spooky Michael Young
27%
Mets C Hall of Fame Mike Piazza
27%
Phillies SP 2025 Finest Ranger Suarez
27%
Pirates RF Awards Roberto Clemente
27%
Cubs 2B Hall of Fame Ryne Sandberg
27%
Phillies 3B Awards Scott Rolen
27%
Yankees SP Captain Whitey Ford
27%
Giants CF Neon Willie Mays
27%
Dodgers 3B Neon Adrian Beltre
24%
Phillies 3B 2025 Playoffs Alec Bohm
24%
Blue Jays C 2025 Playoffs Alejandro Kirk
24%
Mets LF 2025 Finest Brandon Nimmo
24%
Athletics LF 2025 Finest Brent Rooker
24%
Orioles 3B Moonshot Brooks Robinson
24%
Twins CF Milestone Byron Buxton
24%
Orioles SS Cornerstone Cal Ripken Jr.
24%
Blue Jays 1B Milestone Carlos Delgado
24%
Guardians 1B Milestone Carlos Santana
24%
Brewers LF Spotlight Christian Yelich
24%
Dodgers SP Milestone Clayton Kershaw
24%
Athletics CP Hall of Fame Dennis Eckersley
24%
Pirates CP 2025 Finest Dennis Santana
24%
Braves C 2025 Finest Drake Baldwin
24%
Astros SP 2025 Finest Framber Valdez
24%
Blue Jays RF Spotlight George Springer
24%
Blue Jays RF 2025 Playoffs George Springer
24%
Cubs LF 2025 Finest Ian Happ
24%
Dodgers 2B Awards Jackie Robinson
24%
Mets SP Milestone Jacob deGrom
24%
Astros 1B Moonshot Jeff Bagwell
24%
Twins C Moonshot Joe Mauer
24%
Twins SP Signature Johan Santana
24%
Mariners 2B Spotlight Jorge Polanco
24%
Astros CP 2025 Finest Josh Hader
24%
D-Backs LF Spooky Luis Gonzalez
24%
Cubs 2B 2025 Playoffs Nico Hoerner
24%
Twins 2B Hall of Fame Rod Carew
24%
Athletics CP Hall of Fame Rollie Fingers
24%
Red Sox 2B Spotlight Romy Gonzalez
24%
Angels LF 2025 Finest Taylor Ward
24%
Rockies 1B Prime Todd Helton
24%
Braves SP Milestone Tom Glavine
24%
Yankees CF 2025 Finest Trent Grisham
24%
Rangers RF Awards Adolis Garcia
21%
Mets SP Neon Al Leiter
21%
Dodgers CF 2025 Finest Andy Pages
21%
Yankees SP Signature Andy Pettitte
21%
Cubs 1B Neon Anthony Rizzo
21%
Phillies RF Neon Bobby Abreu
21%
Astros RP 2025 Finest Bryan Abreu
21%
Yankees SP 2025 Playoffs Cam Schlittler
21%
Rays 1B Moonshot Carlos Pena
21%
Cubs C 2025 Playoffs Carson Kelly
21%
Mets CF New Threads Cedric Mullins
21%
Phillies 2B Awards Chase Utley
21%
Cubs SS 2025 Finest Dansby Swanson
21%
Tigers C 2025 Finest Dillon Dingler
21%
Royals 3B Hall of Fame George Brett
21%
D-Backs SS Neon Geraldo Perdomo
21%
Reds SP Neon Hunter Greene
21%
Athletics SS Spooky Jacob Wilson
21%
Yankees LF Spooky Jasson Dominguez
21%
Reds 2B Moonshot Joe Morgan
21%
Tigers RF 2025 Playoffs Kerry Carpenter
21%
Royals 3B 2025 Finest Maikel Garcia
21%
Yankees SP Milestone Mike Mussina
21%
Cubs CF 2025 Finest Pete Crow-Armstrong
21%
Rockies CF Moonshot Preston Wilson
21%
Brewers 1B Signature Prince Fielder
21%
Giants 1B Spotlight Rafael Devers
21%
Tigers LF 2025 Finest Riley Greene
21%
Brewers SS Prime Robin Yount
21%
Dodgers CP 2025 Playoffs Roki Sasaki
21%
Phillies 1B Awards Ryan Howard
21%
Cubs RF 2025 Playoffs Seiya Suzuki
21%
Cardinals SP 2025 Finest Sonny Gray
21%
Cardinals RF Spooky Stan Musial
21%
Mets SP Cornerstone Tom Seaver
21%
Padres RF Cornerstone Tony Gwynn
21%
Red Sox SS 2025 Playoffs Trevor Story
21%
Red Sox 3B Cornerstone Wade Boggs
21%
Brewers C 2025 Finest William Contreras
21%
Dodgers SP 2025 Playoffs Yoshinobu Yamamoto
21%
Dodgers RP 2025 Playoffs Yoshinobu Yamamoto
21%
Dodgers SP 2025 Playoffs Yoshinobu Yamamoto
21%
Blue Jays RF 2025 Playoffs Addison Barger
18%
Orioles C Neon Adley Rutschman
18%
Pirates CF Finest Andrew McCutchen
18%
Blue Jays RF Captain Anthony Santander
18%
Cubs 2B Home Run Derby X Ben Zobrist
18%
Astros CP Hall of Fame Billy Wagner
18%
Dodgers SP 2025 Playoffs Blake Snell
18%
Cardinals SP Awards Bob Gibson
18%
Guardians 2B 2025 Playoffs Brayan Rocchio
18%
Pirates RF Neon Bryan Reynolds
18%
Athletics SP Spooky Catfish Hunter
18%
Nationals SS 2025 Finest C.J. Abrams
18%
Phillies SP Spooky Cliff Lee
18%
Astros 2B Cornerstone Craig Biggio
18%
Red Sox CP Spooky Craig Kimbrel
18%
Mets 2B Home Run Derby X Daniel Murphy
18%
Phillies 3B Hall of Fame Dick Allen
18%
Marlins SP Spotlight Edward Cabrera
18%
Royals 1B Home Run Derby X Eric Hosmer
18%
White Sox 1B Cornerstone Frank Thomas
18%
Brewers SP 2025 Finest Freddy Peralta
18%
Red Sox SP 2025 Finest Garrett Crochet
18%
Twins 3B Spooky Harmon Killebrew
18%
Pirates SS Hall of Fame Honus Wagner
18%
Astros SP 2025 Finest Hunter Brown
18%
Rockies C 2025 Finest Hunter Goodman
18%
Brewers CF Spotlight Jackson Chourio
18%
Padres CF Neon Jackson Merrill
18%
Blue Jays CP 2025 Playoffs Jeff Hoffman
18%
Guardians RF The Show Classics Jhonkensy Noel
18%
Phillies SS Finest Jimmy Rollins
18%
Phillies 1B Spooky Jim Thome
18%
Reds RP Spooky John Franco
18%
Mariners 1B 2025 Playoffs Josh Naylor
18%
Mets SP Spooky Kodai Senga
18%
Cubs 3B Milestone Kris Bryant
18%
Astros 1B Neon Lance Berkman
18%
Royals CF Home Run Derby X Lorenzo Cain
18%
Mets 3B Spotlight Mark Vientos
18%
Cubs 1B 2025 Playoffs Michael Busch
18%
Dodgers 2B 2025 Playoffs Miguel Rojas
18%
Angels C Prime Mike Napoli
18%
Yankees CP Awards Rich Gossage
18%
Red Sox RF Spotlight Roman Anthony
18%
Blue Jays SP New Threads Shane Bieber
18%
Tigers 1B 2025 Finest Spencer Torkelson
18%
Cardinals C Hall of Fame Ted Simmons
18%
Twins CF Awards Torii Hunter
18%
Padres CP Cornerstone Trevor Hoffman
18%
Blue Jays SP 2025 Playoffs Trey Yesavage
18%
Blue Jays SP 2025 Playoffs Trey Yesavage
18%
Giants 1B Captain Willie McCovey
18%
Giants SS Spotlight Willy Adames
18%
Padres SS 2025 Playoffs Xander Bogaerts
18%
Nationals 1B Captain Adam Dunn
15%
Tigers RF Captain Al Kaline
15%
Phillies LF Spotlight Brandon Marsh
15%
Orioles 2B Captain Brian Roberts
15%
Brewers 2B Spotlight Brice Turang
15%
Dodgers LF The Show Classics Chris Taylor
15%
Braves 3B Cornerstone Eddie Mathews
15%
D-Backs C Spotlight Gabriel Moreno
15%
Red Sox RP 2025 Finest Garrett Whitlock
15%
Dodgers LF Finest Gary Sheffield
15%
Mariners SP 2025 Playoffs George Kirby
15%
Dodgers 1B Hall of Fame Gil Hodges
15%
Guardians CF Moonshot Grady Sizemore
15%
White Sox CP Spotlight Grant Taylor
15%
Tigers 1B Hall of Fame Hank Greenberg
15%
Rangers 2B Captain Ian Kinsler
15%
Cubs SP Signature Jake Arrieta
15%
Cubs DH Home Run Derby X Jake Arrieta
15%
Red Sox C Finest Jason Varitek
15%
Angels CF Awards Jim Edmonds
15%
Cardinals CF Awards Jim Edmonds
15%
Angels CF 2025 Finest Jo Adell
15%
Cardinals 3B Milestone Joe Torre
15%
Nationals SP Neon Jordan Zimmermann
15%
Dodgers CP Awards Kenley Jansen
15%
Angels C Neon Logan O'Hoppe
15%
Cardinals LF Hall of Fame Lou Brock
15%
Red Sox 3B Neon Marcelo Mayer
15%
Braves CF Spotlight Michael Harris II
15%
Yankees RF Home Run Derby X Nick Swisher
15%
Mets SP Spotlight Nolan McLean
15%
Giants C Spotlight Patrick Bailey
15%
Brewers 3B Hall of Fame Paul Molitor
15%
Yankees RF Milestone Paul O'Neill
15%
Phillies SP Milestone Roy Halladay
15%
Nationals 3B Home Run Derby X Ryan Zimmerman
15%
Phillies SP Milestone Steve Carlton
15%
Dodgers 2B 2025 Playoffs Tommy Edman
15%
Orioles SP 2025 Finest Trevor Rogers
15%
Rockies SP Milestone Ubaldo Jimenez
15%
Twins CF Neon Walker Jenkins
15%
Cubs LF New Threads Willi Castro
15%
Pirates LF Cornerstone Willie Stargell
15%
Rangers LF 2025 Finest Wyatt Langford
15%
Marlins SS Milestone Xavier Edwards
15%
Angels SS Spotlight Zach Neto
15%
Cardinals DH Home Run Derby X Adam Wainwright
12%
Tigers SS Awards Alan Trammell
12%
Royals LF Home Run Derby X Alex Gordon
12%
Yankees 2B Awards Alfonso Soriano
12%
Cubs RF Spooky Andre Dawson
12%
Blue Jays SS 2025 Playoffs Andres Gimenez
12%
D-Backs SP Cornerstone Brandon Webb
12%
Mets 3B Spotlight Brett Baty
12%
Cubs SP Spotlight Cade Horton
12%
Astros 3B New Threads Carlos Correa
12%
Rays CF Neon Chandler Simpson
12%
White Sox SS 2025 Finest Colson Montgomery
12%
Guardians SP Signature Corey Kluber
12%
Braves RF Awards David Justice
12%
Braves LF The Show Classics Eddie Rosario
12%
Nationals SS Draft Eli Willits
12%
Reds LF Milestone Eric Davis
12%
Reds LF 2025 Playoffs Gavin Lux
12%
Guardians RF 2025 Playoffs George Valera
12%
Rays LF Spotlight Jake Mangum
12%
Cubs RF Signature Jason Heyward
12%
Guardians 2B Finest Jason Kipnis
12%
Phillies SP 2025 Finest Jesus Luzardo
12%
Brewers SS Neon Jesus Made
12%
Yankees RP Spooky Jonathan Loaisiga
12%
Royals RF Milestone Jorge Soler
12%
Blue Jays SP 2025 Finest Kevin Gausman
12%
Pirates SS Neon Konnor Griffin
12%
Marlins LF 2025 Finest Kyle Stowers
12%
Mariners SP 2025 Finest Logan Gilbert
12%
Giants SP 2025 Finest Logan Webb
12%
Cubs SP 2025 Finest Matthew Boyd
12%
Royals 3B Home Run Derby X Mike Moustakas
12%
Giants 1B Captain Orlando Cepeda
12%
Brewers LF Moonshot Ryan Braun
12%
Marlins SP Awards Sandy Alcantara
12%
Athletics C Spotlight Shea Langeliers
12%
Cubs SP Captain Shota Imanaga
12%
Guardians SP Spotlight Tanner Bibee
12%
Dodgers SP Spotlight Tyler Glasnow
12%
Athletics LF Neon Tyler Soderstrom
12%
Dodgers RP 2025 Playoffs Will Klein
12%
White Sox SP Spotlight Aaron Civale
9%
Brewers RP Spotlight Abner Uribe
9%
Padres RP 2025 Playoffs Adrian Morejon
9%
Mariners CP 2025 Finest Andres Munoz
9%
Reds SP 2025 Finest Andrew Abbott
9%
Brewers 1B 2025 Playoffs Andrew Vaughn
9%
Reds SS Moonshot Barry Larkin
9%
Pirates 2B Moonshot Bill Mazeroski
9%
Cubs RP Spotlight Brad Keller
9%
Rockies CF Spotlight Brenton Doyle
9%
Brewers 3B 2025 Playoffs Caleb Durbin
9%
Royals C Spotlight Carter Jensen
9%
Red Sox CF 2025 Finest Ceddanne Rafaela
9%
Padres 3B Finest Chase Headley
9%
Brewers SP Awards Corbin Burnes
9%
Mets RF Neon Curtis Granderson
9%
Orioles RP Signature Darren O'Day
9%
Blue Jays CF Spotlight Daulton Varsho
9%
Pirates RF Hall of Fame Dave Parker
9%
Blue Jays LF 2025 Playoffs Davis Schneider
9%
Dodgers SP Milestone Don Sutton
9%
Rays SP 2025 Finest Drew Rasmussen
9%
Nationals RF Spooky Dylan Crews
9%
Orioles 1B Hall of Fame Eddie Murray
9%
Dodgers SP Spotlight Emmet Sheehan
9%
Dodgers CP Captain Eric Gagne
9%
Guardians SP Awards Gaylord Perry
9%
Padres SP Awards Gaylord Perry
9%
Tigers SP Captain Hal Newhouser
9%
Nationals SS Home Run Derby X Ian Desmond
9%
Cardinals C Spotlight Ivan Herrera
9%
Brewers RP 2025 Playoffs Jacob Misiorowski
9%
Tigers 3B The Show Classics Jeimer Candelario
9%
Dodgers LF Finest Joc Pederson
9%
Red Sox LF Home Run Derby X Jonny Gomes
9%
Astros SP Milestone J.R. Richard
9%
Braves LF Spotlight Jurickson Profar
9%
Tigers SS Neon Kevin McGonigle
9%
White Sox C Neon Kyle Teel
9%
Guardians CF Hall of Fame Larry Doby
9%
Athletics SS New Threads Leodalis de Vries
9%
Padres 1B Captain Luis Arraez
9%
Twins 2B Spotlight Luke Keaschall
9%
Red Sox LF 2025 Playoffs Masataka Yoshida
9%
Mariners RP 2025 Playoffs Matt Brash
9%
Mets LF Home Run Derby X Michael Cuddyer
9%
Padres SP 2025 Finest Nick Pivetta
9%
Rangers 1B Neon Rafael Palmeiro
9%
Mets CF Moonshot Richie Ashburn
9%
Cardinals CF Home Run Derby X Rick Ankiel
9%
Reds RP Awards Rob Dibble
9%
Astros SP Awards Roy Oswalt
9%
Athletics RP 2025 Finest Sean Newcomb
9%
Pirates 1B Spotlight Spencer Horwitz
9%
D-Backs CF Moonshot Steve Finley
9%
Nationals LF Moonshot Tim Raines
9%
Guardians 2B Neon Travis Bazzana
9%
Angels 3B Signature Troy Glaus
9%
Tigers RP 2025 Playoffs Troy Melton
9%
Royals 1B Spotlight Vinnie Pasquantino
9%
Reds SP Spotlight Brady Singer
6%
Brewers RP 2025 Playoffs Chad Patrick
6%
Rockies 1B Neon Charlie Condon
6%
Red Sox SP Milestone Clay Buchholz
6%
Nationals LF Spotlight Daylen Lile
6%
Angels LF Signature Don Baylor
6%
Mariners RP Spotlight Gabe Speier
6%
Royals CF The Show Classics Garrett Hampson
6%
Astros LF Home Run Derby X Hunter Pence
6%
Royals RF Neon Jac Caglianone
6%
Marlins CF Spotlight Jakob Marsee
6%
Yankees 1B Awards Jason Giambi
6%
Braves RF Home Run Derby X Jeff Franceour
6%
Rockies RP 2025 Finest Jimmy Herget
6%
Cardinals SS Neon J.J. Wetherholt
6%
Astros RF Home Run Derby X Josh Reddick
6%
Orioles SP Spotlight Kyle Bradish
6%
Orioles SS Moonshot Luis Aparicio
6%
Rangers SP 2025 Finest Nathan Eovaldi
6%
Cubs RF Captain Nick Castellanos
6%
Braves LF Home Run Derby X Ryan Klesko
6%
Reds 1B Spotlight Spencer Steer
6%
Royals SP Spotlight Stephen Kolek
6%
Cardinals 3B Captain Terry Pendleton
6%
Tigers RP 2025 Playoffs Tyler Holton
6%
Twins 2B Moonshot Brian Dozier
3%
Orioles 1B Spotlight Coby Mayo
3%
Mariners SS Neon Colt Emerson
3%
Brewers 1B 2025 Playoffs Jake Bauers
3%
Brewers RP 2025 Playoffs Jared Koenig
3%
Twins SP Signature Jim Kaat
3%
Cardinals RP Spotlight Matt Svanson
3%
Rangers CF Spotlight Michael Helman
3%
Reds RF Signature Reggie Sanders
3%
Cardinals LF Awards Tyler O'Neill
3%
Rockies 1B Spotlight Warming Bernabel
3%
No matching quizzes found
Score Distribution
Percent of People with Each Score
Percentile by Number Answered
Your Score History
You have not taken this quiz